[Event "Fencible Masters"]
[Site "Fencible"]
[Date "1997.??.??"]
[Round "6"]
[White "Small, Vernon A"]
[Black "Sermek, Drazen"]
[Result "1/2-1/2"]
[WhiteElo "2330"]
[BlackElo "2575"]
[PlyCount "81"]
[EventDate "1997.??.??"]
[EventType "tourn"]
[EventRounds "9"]
[EventCountry "NZL"]
[SourceTitle "EXT 1999"]
[Source "ChessBase"]
[SourceDate "1998.11.16"]
[SourceVersion "1"]
[SourceVersionDate "1998.11.16"]
[SourceQuality "1"]

1. d4 d5 2. Nf3 c5 3. dxc5 e6 4. c4 Bxc5 5. Nc3 Nf6 6. e3 0-0 7. a3 a5 8. Be2 Nc6 9. 0-0 Qd6 10. Qc2 Rd8 11. Rd1 Qe7 12. h3 h6 13. Rb1 Rb8 14. Bd2 dxc4 15. Bxc4 e5 16. Be1 e4 17. Rxd8+ Nxd8 18. Nd2 Bf5 19. Nd5 Nxd5 20. Bxd5 Rc8 21. Bxe4 Bxa3 22. Qd3 Bxe4 23. Nxe4 Bb4 24. Bxb4 Qxb4 25. Nd6 Rc6 26. Nf5 Ne6 27. Rd1 Rc8 28. Qe2 a4 29. Nd4 Qc4 30. Kf1 Nxd4 31. Qxc4 Rxc4 32. Rxd4 Rc1+ 33. Ke2 Rb1 34. Rb4 g5 35. g4 Kg7 36. Kd3 h5 37. gxh5 Kh6 38. f4 gxf4 39. exf4 Kxh5 40. Kc2 Rf1 41. Rxa4 1/2-1/2

[Event "Fencible Masters"]
[Site "Fencible"]
[Date "1997.??.??"]
[Round "4"]
[White "Small, Vernon A"]
[Black "Smith, Robert Wayne"]
[Result "1-0"]
[WhiteElo "2330"]
[BlackElo "2300"]
[PlyCount "79"]
[EventDate "1997.??.??"]
[EventType "tourn"]
[EventRounds "9"]
[EventCountry "NZL"]
[SourceTitle "EXT 1999"]
[Source "ChessBase"]
[SourceDate "1998.11.16"]
[SourceVersion "1"]
[SourceVersionDate "1998.11.16"]
[SourceQuality "1"]

1. d4 Nf6 2. c4 g6 3. Nc3 Bg7 4. e4 d6 5. Nf3 0-0 6. Be2 e5 7. 0-0 Nc6 8. d5 Ne7 9. b4 a5 10. Ba3 axb4 11. Bxb4 Nd7 12. a4 h6 13. Nd2 f5 14. f3 h5 15. Kh1 Bh6 16. Nb3 Nf6 17. c5 fxe4 18. fxe4 Bg4 19. a5 Kh7 20. Qd3 Qd7 21. h3 Bxe2 22. Nxe2 h4 23. cxd6 cxd6 24. Nd2 Nh5 25. Nc4 Rxf1+ 26. Rxf1 Nc8 27. Be1 Qe7 28. Qf3 Nf4 29. Nxf4 Bxf4 30. Qg4 Bg5 31. Bf2 Kg7 32. Rb1 Bf6 33. Rc1 Qd8 34. Nb6 Nxb6 35. Bxb6 Qe8 36. Rc7+ Kh8 37. Kh2 Rb8 38. Rd7 Be7 39. Bc7 Rc8 40. Rxe7 1-0

[Event "Auckland"]
[Site "Auckland"]
[Date "1992.??.??"]
[Round "3"]
[White "Levi, Eddy"]
[Black "Small, Vernon A"]
[Result "0-1"]
[WhiteElo "2300"]
[BlackElo "2390"]
[PlyCount "126"]
[EventDate "1992.??.??"]
[EventType "tourn"]
[EventRounds "11"]
[EventCountry "NZL"]
[EventCategory "5"]
[SourceTitle "CBM 029 Extra"]
[Source "ChessBase"]
[SourceDate "1992.09.01"]
[SourceVersion "1"]
[SourceVersionDate "1992.09.01"]
[SourceQuality "1"]

1. e4 c5 2. c3 Nf6 3. e5 Nd5 4. d4 cxd4 5. Bc4 Qc7 6. Qe2 Nb6 7. Bd3 Nc6 8. Nf3 d5 9. exd6 Qxd6 10. Nxd4 Nxd4 11. cxd4 e6 12. Nc3 a6 13. 0-0 Be7 14. Ne4 Qd8 15. Qg4 g6 16. Qg3 0-0 17. Bh6 Re8 18. Rad1 Nd5 19. Rfe1 b6 20. a3 Bb7 21. Bg5 Bxg5 22. Nxg5 Qf6 23. Ne4 Qg7 24. Nd6 Re7 25. Nxb7 Rxb7 26. Qd6 Qf8 27. Qe5 Rd7 28. Rc1 Qd6 29. Be4 Rad8 30. g3 Ne7 31. Qxd6 Rxd6 32. Rc7 R8d7 33. Rxd7 Rxd7 34. Rd1 e5 35. d5 Kg7 36. g4 f5 37. gxf5 gxf5 38. Bc2 Kf6 39. Bb3 e4 40. f3 Ke5 41. d6 Nc8 42. Rd5+ Kf4 43. fxe4 fxe4 44. Rh5 Nxd6 45. Rh6 b5 46. Kf1 a5 47. Ke1 a4 48. Bg8 Nc4 49. Rh4+ Kf3 50. Bxh7 Re7 51. Bg6 Nxb2 52. Rh3+ Kf4 53. Rh5 Nd3+ 54. Kd2 Ne5 55. Bh7 Nf3+ 56. Ke2 Kg4 57. Bg6 Nd4+ 58. Kf1 e3 59. h3+ Kg3 60. Rg5+ Kh2 61. Rg2+ Kxh3 62. Bh5 e2+ 63. Kf2 e1Q# 0-1

[Event "NZL-ch"]
[Site "Dunedin"]
[Date "1992.??.??"]
[Round "8"]
[White "Metge, J Nigel"]
[Black "Small, Vernon A"]
[Result "0-1"]
[WhiteElo "2230"]
[BlackElo "2375"]
[PlyCount "70"]
[EventDate "1992.??.??"]
[EventType "tourn"]
[EventRounds "11"]
[EventCountry "NZL"]
[EventCategory "1"]
[SourceTitle "EXT 1997"]
[Source "ChessBase"]
[SourceDate "1996.11.15"]
[SourceVersion "1"]
[SourceVersionDate "1996.11.15"]
[SourceQuality "1"]

1. d4 Nf6 2. c4 e6 3. Nc3 Bb4 4. e3 c5 5. Nge2 b6 6. a3 Ba5 7. Bd2 0-0 8. d5 exd5 9. cxd5 Re8 10. Ng3 d6 11. Bb5 Re7 12. 0-0 a6 13. Bd3 b5 14. e4 Re8 15. b4 Bb6 16. Bf4 Ng4 17. a4 cxb4 18. Na2 Qh4 19. Nh1 Nxf2 20. Nxf2 Qxf4 21. axb5 Bd4 22. Nxb4 Bg4 23. Qc1 Qxc1 24. Raxc1 axb5 25. Bxb5 Rxe4 26. Rfe1 Rxe1+ 27. Rxe1 Bd7 28. Bf1 g6 29. Rd1 Bc5 30. Nbd3 Be3 31. Re1 Bd4 32. Rb1 Na6 33. Rb7 Bf5 34. g3 Bxd3 35. Bxd3 Nc5 0-1

[Event "Auckland"]
[Site "Auckland"]
[Date "1992.??.??"]
[Round "6"]
[White "Miles, Anthony John"]
[Black "Small, Vernon A"]
[Result "1-0"]
[WhiteElo "2565"]
[BlackElo "2390"]
[PlyCount "61"]
[EventDate "1992.??.??"]
[EventType "tourn"]
[EventRounds "11"]
[EventCountry "NZL"]
[EventCategory "5"]
[SourceTitle "CBM 029 Extra"]
[Source "ChessBase"]
[SourceDate "1992.09.01"]
[SourceVersion "1"]
[SourceVersionDate "1992.09.01"]
[SourceQuality "1"]

1. d4 Nf6 2. Nf3 g6 3. c3 Bg7 4. Bg5 d6 5. Nbd2 0-0 6. e4 c5 7. dxc5 dxc5 8. Bc4 Nc6 9. Qe2 h6 10. Bf4 Nh5 11. Be3 b6 12. 0-0 e5 13. Rad1 Qe7 14. Rfe1 Nd4 15. cxd4 exd4 16. Bxd4 cxd4 17. Nb3 d3 18. Qxd3 Bxb2 19. e5 Kh7 20. Nbd4 Bxd4 21. Nxd4 Bb7 22. Qe3 Rac8 23. Bb3 Rfd8 24. e6 f5 25. Nb5 Bc6 26. Rxd8 Rxd8 27. Nd4 Be8 28. Rc1 Qg7 29. Nf3 Nf6 30. Qe5 Nd5 31. Rd1 1-0

[Event "Auckland"]
[Site "Auckland"]
[Date "1992.??.??"]
[Round "10"]
[White "Rogers, Ian"]
[Black "Small, Vernon A"]
[Result "1-0"]
[WhiteElo "2550"]
[BlackElo "2390"]
[PlyCount "73"]
[EventDate "1992.??.??"]
[EventType "tourn"]
[EventRounds "11"]
[EventCountry "NZL"]
[EventCategory "5"]
[SourceTitle "CBM 029 Extra"]
[Source "ChessBase"]
[SourceDate "1992.09.01"]
[SourceVersion "1"]
[SourceVersionDate "1992.09.01"]
[SourceQuality "1"]

1. d4 Nf6 2. Nf3 d5 3. g3 e6 4. Bg2 Be7 5. 0-0 0-0 6. c4 dxc4 7. Qc2 a6 8. Qxc4 b5 9. Qc2 Bb7 10. Bg5 Nbd7 11. Nbd2 h6 12. Bxf6 Nxf6 13. Nb3 Be4 14. Qc3 a5 15. Rfd1 Bb4 16. Qc1 Qd5 17. Nc5 Bxc5 18. Qxc5 c6 19. Rdc1 Qxc5 20. Rxc5 Nd7 21. Rcc1 Rfd8 22. Ne1 Bxg2 23. Kxg2 e5 24. Rxc6 exd4 25. Rd1 Nf8 26. f4 g6 27. Nd3 Ne6 28. Kf2 Kg7 29. Rdc1 Ra7 30. Rb6 b4 31. Rbc6 Raa8 32. R1c4 h5 33. b3 Kg8 34. Ne5 Kg7 35. Rb6 Rdb8 36. Rxb8 Rxb8 37. Nc6 1-0

[Event "Auckland"]
[Site "Auckland"]
[Date "1992.??.??"]
[Round "2"]
[White "Small, Vernon A"]
[Black "Martin, Benjamin"]
[Result "0-1"]
[WhiteElo "2390"]
[BlackElo "2320"]
[PlyCount "100"]
[EventDate "1992.??.??"]
[EventType "tourn"]
[EventRounds "11"]
[EventCountry "NZL"]
[EventCategory "5"]
[SourceTitle "CBM 029 Extra"]
[Source "ChessBase"]
[SourceDate "1992.09.01"]
[SourceVersion "1"]
[SourceVersionDate "1992.09.01"]
[SourceQuality "1"]

1. Nf3 Nf6 2. c4 e6 3. g3 d5 4. Bg2 Be7 5. d4 0-0 6. 0-0 c6 7. Nc3 b6 8. Ne5 Bb7 9. e4 Nbd7 10. Nxc6 Bxc6 11. exd5 exd5 12. cxd5 Bb7 13. d6 Bxg2 14. dxe7 Qxe7 15. Kxg2 Rfd8 16. Qf3 Qb4 17. Rd1 h6 18. Rb1 Rac8 19. Bf4 Qc4 20. Rbc1 a6 21. Qb7 Ra8 22. b3 Qb4 23. Na4 Re8 24. Rc6 b5 25. Bd6 Qa5 26. Nc3 b4 27. Qxb4 Qh5 28. Qc4 Ne4 29. Qe2 Qxe2 30. Nxe2 Re6 31. d5 Rxd6 32. f3 Ne5 33. Rxd6 Nxd6 34. Rc1 Rc8 35. Rxc8+ Nxc8 36. b4 Kf8 37. Nd4 Nc4 38. Kf2 N4b6 39. Nc6 Nxd5 40. Ke2 Ncb6 41. Kd2 Ke8 42. Kc2 Na4 43. Kb3 Nab6 44. a4 Nc7 45. a5 Nbd5 46. Kc4 Kd7 47. Kc5 f6 48. h4 Ne3 49. Nb8+ Kc8 50. Nc6 Nb5 0-1

[Event "Auckland"]
[Site "Auckland"]
[Date "1992.??.??"]
[Round "9"]
[White "Small, Vernon A"]
[Black "Metge, J Nigel"]
[Result "1/2-1/2"]
[WhiteElo "2390"]
[BlackElo "2235"]
[PlyCount "50"]
[EventDate "1992.??.??"]
[EventType "tourn"]
[EventRounds "11"]
[EventCountry "NZL"]
[EventCategory "5"]
[SourceTitle "CBM 029 Extra"]
[Source "ChessBase"]
[SourceDate "1992.09.01"]
[SourceVersion "1"]
[SourceVersionDate "1992.09.01"]
[SourceQuality "1"]

1. e4 c6 2. d3 d5 3. Nd2 e5 4. Ngf3 Bd6 5. Qe2 d4 6. g3 Ne7 7. Bg2 Bg4 8. h3 Bh5 9. 0-0 f6 10. c3 c5 11. Nc4 b5 12. Nxd6+ Qxd6 13. a4 b4 14. c4 Nd7 15. Qe1 g5 16. Nh2 0-0-0 17. f4 h6 18. f5 Rdg8 19. Bd2 Nc6 20. Bf3 Be8 21. Qd1 h5 22. Kf2 Na5 23. Rg1 Nb6 24. b3 Nd7 25. Rb1 Qe7 1/2-1/2

[Event "NZL-ch"]
[Site "Dunedin"]
[Date "1992.??.??"]
[Round "1"]
[White "Small, Vernon A"]
[Black "Stuart, Peter W"]
[Result "0-1"]
[WhiteElo "2375"]
[BlackElo "2210"]
[PlyCount "42"]
[EventDate "1992.??.??"]
[EventType "tourn"]
[EventRounds "11"]
[EventCountry "NZL"]
[EventCategory "1"]
[SourceTitle "EXT 1997"]
[Source "ChessBase"]
[SourceDate "1996.11.15"]
[SourceVersion "1"]
[SourceVersionDate "1996.11.15"]
[SourceQuality "1"]

1. d4 Nf6 2. c4 g6 3. Nc3 d5 4. cxd5 Nxd5 5. e4 Nxc3 6. bxc3 Bg7 7. Bc4 0-0 8. Ne2 c5 9. 0-0 Nc6 10. Be3 Bg4 11. f3 Na5 12. Bxf7+ Rxf7 13. fxg4 Rxf1+ 14. Kxf1 Qd6 15. e5 Qd5 16. Bf2 Rf8 17. Kg1 Nc4 18. g5 Qf7 19. Bg3 Ne3 20. Qb3 c4 21. e6 Qf1+ 0-1

[Event "Auckland"]
[Site "Auckland"]
[Date "1992.??.??"]
[Round "8"]
[White "Wallace, John Paul"]
[Black "Small, Vernon A"]
[Result "0-1"]
[WhiteElo "2340"]
[BlackElo "2390"]
[PlyCount "114"]
[EventDate "1992.??.??"]
[EventType "tourn"]
[EventRounds "11"]
[EventCountry "NZL"]
[EventCategory "5"]
[SourceTitle "CBM 029 Extra"]
[Source "ChessBase"]
[SourceDate "1992.09.01"]
[SourceVersion "1"]
[SourceVersionDate "1992.09.01"]
[SourceQuality "1"]

1. Nf3 Nf6 2. c4 c5 3. g3 b6 4. Bg2 Bb7 5. Nc3 g6 6. 0-0 Bg7 7. d4 cxd4 8. Qxd4 0-0 9. Qh4 d6 10. Bg5 Nbd7 11. Rfd1 Rc8 12. Rac1 Re8 13. b3 Rc5 14. b4 Rc8 15. Nd5 Nxd5 16. cxd5 Rxc1 17. Bxc1 Qc7 18. Nd4 Qc4 19. Bh6 Bf6 20. Qe4 Qxb4 21. Nc6 Qa3 22. Qb1 Ba6 23. Qb3 Qxb3 24. axb3 Ra8 25. Rd2 Bb7 26. b4 a6 27. Be3 Ne5 28. Nxe5 Bxe5 29. Bxb6 Bc3 30. Rc2 Bxb4 31. Rc7 Bc8 32. Rxe7 Kf8 33. Ra7 Rxa7 34. Bxa7 Bc3 35. e4 a5 36. Bf1 Bg4 37. Be3 Bf3 38. Bd3 a4 39. Bc1 Bb4 40. Bb2 a3 41. Ba1 Bd2 42. Bb1 Bc1 43. Kf1 Ke7 44. Ke1 g5 45. Bc3 g4 46. Ba1 Bb2 47. Bxb2 axb2 48. Kd2 Kf6 49. Ke3 Ke5 50. h3 h5 51. h4 f6 52. Bc2 f5 53. exf5 Bxd5 54. Bb1 Bc6 55. f6 Kxf6 56. Kd4 Be8 57. Kd5 Bg6 0-1

[Event "Olympiad-28"]
[Site "Thessaloniki"]
[Date "1988.11.23"]
[Round "10"]
[White "Rogers, Ian"]
[Black "Small, Vernon A"]
[Result "1-0"]
[WhiteElo "2400"]
[BlackElo "2340"]
[PlyCount "95"]
[EventDate "1988.11.13"]
[EventType "team-swiss"]
[EventRounds "14"]
[EventCountry "GRE"]
[SourceTitle "TD"]
[Source "ChessBase"]
[SourceDate "1994.03.01"]
[SourceVersion "1"]
[SourceVersionDate "1994.03.01"]
[SourceQuality "1"]
[WhiteTeam "Australia"]
[BlackTeam "New Zealand"]
[WhiteTeamCountry "AUS"]
[BlackTeamCountry "NZL"]

1. Nf3 Nf6 2. c4 c5 3. Nc3 e6 4. g3 b6 5. Bg2 Bb7 6. 0-0 Be7 7. Re1 d6 8. e4 Nbd7 9. d4 cxd4 10. Nxd4 Qc8 11. b3 0-0 12. Bb2 a6 13. Qe2 Qc7 14. h3 Rad8 15. Qe3 Qb8 16. Re2 Ba8 17. Rae1 Ne8 18. Kh2 Nc7 19. a4 Rfe8 20. f4 Bf6 21. Ba3 Bxd4 22. Qxd4 Nc5 23. b4 e5 24. Qd2 N5e6 25. b5 Nd4 26. Rf2 axb5 27. axb5 Nce6 28. f5 Nc5 29. f6 h6 30. Ref1 Rd7 31. Qd1 g6 32. Bc1 Kh7 33. Qd2 g5 34. Qd1 Rg8 35. Be3 Nce6 36. Nd5 Rc7 37. Nxc7 Qxc7 38. Qd3 Nc5 39. Qb1 Nce6 40. Qb4 Bb7 41. Ra2 Rc8 42. Bxd4 Nxd4 43. Ra4 Qd7 44. Qa3 Rc7 45. Rf2 Qe6 46. Qd3 Qd7 47. Bf3 Nxf3+ 48. Qxf3 1-0

[Event "Olympiad-28"]
[Site "Thessaloniki"]
[Date "1988.11.22"]
[Round "9"]
[White "Small, Vernon A"]
[Black "Garcia Paolicchi, Raul"]
[Result "1-0"]
[WhiteElo "2340"]
[BlackElo "2220"]
[PlyCount "81"]
[EventDate "1988.11.13"]
[EventType "team-swiss"]
[EventRounds "14"]
[EventCountry "GRE"]
[SourceTitle "TD"]
[Source "ChessBase"]
[SourceDate "1994.03.01"]
[SourceVersion "1"]
[SourceVersionDate "1994.03.01"]
[SourceQuality "1"]
[WhiteTeam "New Zealand"]
[BlackTeam "Andorra"]
[WhiteTeamCountry "NZL"]
[BlackTeamCountry "AND"]

1. e4 c5 2. Nf3 Nc6 3. d4 cxd4 4. Nxd4 Nf6 5. Nc3 d6 6. Bc4 e6 7. Be3 Be7 8. Qe2 a6 9. 0-0-0 Qc7 10. Bb3 0-0 11. Rhg1 Nd7 12. g4 Nc5 13. g5 Bd7 14. Qh5 Rfc8 15. Rg3 g6 16. Qh6 Bf8 17. Qh4 Nxd4 18. Bxd4 Nxb3+ 19. axb3 e5 20. Bb6 Qc6 21. Rd2 Be6 22. Be3 Qc7 23. Kb1 b5 24. f4 exf4 25. Bxf4 b4 26. Nd5 Bxd5 27. exd5 a5 28. Be3 Bg7 29. Rh3 a4 30. Qxh7+ Kf8 31. Qxg7+ Kxg7 32. Bd4+ f6 33. Bxf6+ Kg8 34. Rh8+ Kf7 35. Rh7+ Kg8 36. Rxc7 Rxc7 37. bxa4 Rxa4 38. b3 Ra5 39. Bd8 Raa7 40. Bxc7 Rxc7 41. Re2 1-0

[Event "Olympiad-28"]
[Site "Thessaloniki"]
[Date "1988.11.19"]
[Round "6"]
[White "Small, Vernon A"]
[Black "O'Donnell, Tom"]
[Result "1-0"]
[WhiteElo "2340"]
[BlackElo "2385"]
[PlyCount "77"]
[EventDate "1988.11.13"]
[EventType "team-swiss"]
[EventRounds "14"]
[EventCountry "GRE"]
[SourceTitle "TD"]
[Source "ChessBase"]
[SourceDate "1994.03.01"]
[SourceVersion "1"]
[SourceVersionDate "1994.03.01"]
[SourceQuality "1"]
[WhiteTeam "New Zealand"]
[BlackTeam "Canada"]
[WhiteTeamCountry "NZL"]
[BlackTeamCountry "CAN"]

1. d4 d5 2. c4 e6 3. g3 c6 4. Bg2 Nf6 5. Nf3 Be7 6. 0-0 0-0 7. Qc2 b6 8. b3 Bb7 9. Rd1 Nbd7 10. Nc3 Rc8 11. e4 c5 12. e5 Ne8 13. dxc5 Nxc5 14. Bb2 Na6 15. Qe2 Nac7 16. Rac1 g6 17. Nd4 Ng7 18. Ndb5 Nxb5 19. Nxb5 Qd7 20. Nc3 d4 21. Bxb7 Qxb7 22. Ne4 Rfd8 23. Bxd4 Rd7 24. Nd6 Bxd6 25. exd6 Rf8 26. Bxg7 Kxg7 27. Qe5+ Kg8 28. b4 Qc6 29. c5 bxc5 30. bxc5 Rc8 31. Rd4 a5 32. h4 Qf3 33. Rb1 Qc3 34. Rb5 a4 35. Re4 Qc1+ 36. Kg2 Qc2 37. a3 Qd1 38. Rd4 Qa1 39. c6 1-0

[Event "Olympiad-28"]
[Site "Thessaloniki"]
[Date "1988.11.16"]
[Round "4"]
[White "Kuwaza, Charles"]
[Black "Small, Vernon A"]
[Result "0-1"]
[WhiteElo "2205"]
[BlackElo "2340"]
[PlyCount "72"]
[EventDate "1988.11.13"]
[EventType "team-swiss"]
[EventRounds "14"]
[EventCountry "GRE"]
[SourceTitle "TD"]
[Source "ChessBase"]
[SourceDate "1994.03.01"]
[SourceVersion "1"]
[SourceVersionDate "1994.03.01"]
[SourceQuality "1"]
[WhiteTeam "Zimbabwe"]
[BlackTeam "New Zealand"]
[WhiteTeamCountry "ZIM"]
[BlackTeamCountry "NZL"]

1. Nf3 Nf6 2. c4 c5 3. g3 b6 4. Bg2 Bb7 5. 0-0 e6 6. d3 Be7 7. b3 0-0 8. Bb2 d6 9. Na3 Nbd7 10. Nc2 Qc7 11. a3 Rfd8 12. Qd2 d5 13. Rfc1 d4 14. Rd1 e5 15. e4 Ne8 16. Re1 Nf8 17. b4 Ne6 18. Rad1 a6 19. Qc1 Bc6 20. Qa1 Ba4 21. Rc1 Bxc2 22. Rxc2 cxb4 23. axb4 Bxb4 24. Rd1 f6 25. Nh4 Nc5 26. Qa2 a5 27. Bh3 Kh8 28. Kh1 Qf7 29. f3 Nd6 30. Bc1 b5 31. Nf5 Nxf5 32. Bxf5 Na4 33. Rf1 Nc3 34. Qb3 bxc4 35. dxc4 Rab8 36. Rxc3 Bxc3 0-1

[Event "Wellington"]
[Site "Wellington"]
[Date "1988.??.??"]
[Round "?"]
[White "Chandler, Murray G"]
[Black "Small, Vernon A"]
[Result "1-0"]
[WhiteElo "2590"]
[BlackElo "2355"]
[PlyCount "77"]
[EventDate "1988.03.??"]
[EventType "tourn"]
[EventRounds "11"]
[EventCountry "NZL"]
[EventCategory "8"]
[SourceTitle "CBM 007"]
[Source "ChessBase"]
[SourceDate "1988.12.01"]
[SourceVersion "1"]
[SourceVersionDate "1988.12.01"]
[SourceQuality "1"]

1. e4 c5 2. Nf3 Nc6 3. d4 cxd4 4. Nxd4 Nf6 5. Nc3 e5 6. Ndb5 d6 7. Bg5 a6 8. Bxf6 gxf6 9. Na3 b5 10. Nd5 f5 11. Bd3 Be6 12. 0-0 Bxd5 13. exd5 Ne7 14. Nxb5 Bg7 15. Nc3 e4 16. Bc4 Qa5 17. Qe2 Bxc3 18. bxc3 0-0 19. Rab1 Rab8 20. Qd2 Ng6 21. Rb4 Rfe8 22. Rfb1 Rbc8 23. Qg5 Rxc4 24. Rxc4 Qxa2 25. Rcb4 Qxd5 26. h4 Qe5 27. h5 Qf4 28. Qf6 Qe5 29. Qxe5 Nxe5 30. Rb8 Kf8 31. Rxe8+ Kxe8 32. Rb6 Ke7 33. Rxa6 Ng4 34. Kf1 Nf6 35. c4 Nxh5 36. c5 dxc5 37. Rc6 Nf4 38. Rxc5 Ke6 39. Rc6+ 1-0

[Event "Luxembourg op 27th"]
[Site "Luxembourg"]
[Date "1988.??.??"]
[Round "3"]
[White "Gutman, Lev"]
[Black "Small, Vernon A"]
[Result "1-0"]
[WhiteElo "2465"]
[BlackElo "2355"]
[PlyCount "77"]
[EventDate "1988.05.??"]
[EventType "swiss"]
[EventRounds "9"]
[EventCountry "LUX"]
[SourceTitle "EXT 1997"]
[Source "ChessBase"]
[SourceDate "1996.11.15"]
[SourceVersion "1"]
[SourceVersionDate "1996.11.15"]
[SourceQuality "1"]

1. Nf3 g6 2. g3 Bg7 3. d4 Nf6 4. Bg2 0-0 5. 0-0 d5 6. c4 dxc4 7. Na3 c3 8. bxc3 c5 9. Qb3 Nc6 10. Rd1 cxd4 11. cxd4 Na5 12. Qb2 Be6 13. Ng5 Bd7 14. Bd2 Bc6 15. Nf3 Bd5 16. Rac1 Qb6 17. Qa1 Rfc8 18. Be1 Ne4 19. Nc2 Nd6 20. Ne3 Be4 21. Ne5 Bxg2 22. Kxg2 e6 23. d5 Rxc1 24. Rxc1 exd5 25. Nxd5 Qb5 26. Nc7 Qxe2 27. Nxa8 Bxe5 28. Qb1 Nac4 29. Kg1 Ne4 30. Qb5 Bc3 31. Qe8+ Kg7 32. Bxc3+ Nxc3 33. Re1 Qxa2 34. Nc7 Qa5 35. Ne6+ fxe6 36. Qe7+ Kh6 37. Qh4+ Kg7 38. Qxc4 Nd5 39. Rxe6 1-0

[Event "Le Touquet op 03rd"]
[Site "Le Touquet"]
[Date "1988.??.??"]
[Round "2"]
[White "Small, Vernon A"]
[Black "Hector, Jonny"]
[Result "1-0"]
[WhiteElo "2355"]
[BlackElo "2400"]
[PlyCount "89"]
[EventDate "1988.10.??"]
[EventType "swiss"]
[EventRounds "8"]
[EventCountry "FRA"]
[SourceTitle "EXT 1997"]
[Source "ChessBase"]
[SourceDate "1996.11.15"]
[SourceVersion "1"]
[SourceVersionDate "1996.11.15"]
[SourceQuality "1"]

1. Nf3 Nc6 2. d4 d5 3. c4 e5 4. Nxe5 Nxe5 5. dxe5 d4 6. e4 Bc5 7. Bd3 Qe7 8. f4 Qh4+ 9. g3 Qh3 10. Qf3 Bg4 11. Qf1 Nh6 12. a3 a5 13. Nd2 a4 14. Nf3 Qh5 15. Ng1 0-0-0 16. h3 Rhe8 17. Qg2 Bd7 18. Nf3 Qg6 19. 0-0 Qb6 20. Kh2 f6 21. f5 Ng8 22. e6 Bc6 23. Bf4 g5 24. Bd2 Ne7 25. Qe2 Bd6 26. Rab1 h5 27. e5 Bxf3 28. Rxf3 Bxe5 29. Bxg5 Nc6 30. Bf4 h4 31. g4 Bxf4+ 32. Rxf4 Ne5 33. Re4 Qb3 34. Rd1 Rg8 35. Rxe5 fxe5 36. Rd2 Qb6 37. Qxe5 Rg5 38. e7 Re8 39. Re2 Kd7 40. Qd5+ Kc8 41. c5 Qh6 42. c6 bxc6 43. Ba6+ Kb8 44. Qc5 Ka8 45. Qb4 1-0

[Event "Luxembourg op 27th"]
[Site "Luxembourg"]
[Date "1988.??.??"]
[Round "7"]
[White "Small, Vernon A"]
[Black "Jadoul, Michel"]
[Result "1/2-1/2"]
[WhiteElo "2355"]
[BlackElo "2400"]
[PlyCount "41"]
[EventDate "1988.05.??"]
[EventType "swiss"]
[EventRounds "9"]
[EventCountry "LUX"]
[SourceTitle "EXT 1997"]
[Source "ChessBase"]
[SourceDate "1996.11.15"]
[SourceVersion "1"]
[SourceVersionDate "1996.11.15"]
[SourceQuality "1"]

1. e4 d5 2. exd5 Nf6 3. c4 c6 4. Nc3 cxd5 5. cxd5 Nxd5 6. d4 g6 7. Qf3 Nf6 8. Bb5+ Nbd7 9. Nge2 Bg7 10. 0-0 0-0 11. Bf4 Nb6 12. Be5 Nfd5 13. Rad1 Bd7 14. Bxd7 Qxd7 15. Bxg7 Kxg7 16. Ne4 Qf5 17. Qxf5 gxf5 18. Nc5 Nc4 19. Nxb7 Nxb2 20. Rb1 Nc4 21. Rfc1 1/2-1/2

[Event "Wellington"]
[Site "Wellington"]
[Date "1988.??.??"]
[Round "?"]
[White "Small, Vernon A"]
[Black "Sarapu, Ortvin"]
[Result "1/2-1/2"]
[WhiteElo "2355"]
[BlackElo "2345"]
[PlyCount "22"]
[EventDate "1988.03.??"]
[EventType "tourn"]
[EventRounds "11"]
[EventCountry "NZL"]
[EventCategory "8"]
[SourceTitle "CBM 007"]
[Source "ChessBase"]
[SourceDate "1988.12.01"]
[SourceVersion "1"]
[SourceVersionDate "1988.12.01"]
[SourceQuality "1"]

1. d4 Nf6 2. Nf3 d5 3. g3 c6 4. Bg2 Bf5 5. 0-0 e6 6. c4 Nbd7 7. Qb3 Qb6 8. c5 Qxb3 9. axb3 Be7 10. Nc3 0-0 11. b4 h6 1/2-1/2

[Event "NZL-ch"]
[Site "Dunedin"]
[Date "1988.??.??"]
[Round "?"]
[White "Small, Vernon A"]
[Black "Sarfati, Jonathan D"]
[Result "0-1"]
[WhiteElo "2355"]
[BlackElo "2250"]
[PlyCount "58"]
[EventDate "1988.??.??"]
[EventType "tourn"]
[EventRounds "11"]
[EventCountry "NZL"]
[SourceTitle "EXT 1998"]
[Source "ChessBase"]
[SourceDate "1997.11.17"]
[SourceVersion "1"]
[SourceVersionDate "1997.11.17"]
[SourceQuality "1"]

1. e4 e5 2. Nf3 Nc6 3. Bc4 Bc5 4. c3 Nf6 5. d3 a6 6. 0-0 d6 7. Bb3 0-0 8. Re1 Ba7 9. h3 Ne7 10. Nbd2 Ng6 11. Nf1 Be6 12. Be3 Qd7 13. Bxa7 Rxa7 14. Bxe6 fxe6 15. d4 exd4 16. Qxd4 Raa8 17. e5 Nd5 18. exd6 cxd6 19. Qg4 Rae8 20. Rad1 Rf4 21. Qg3 Ref8 22. Ne3 Nc7 23. Rd4 Rxd4 24. cxd4 Nf4 25. Kh2 Qa4 26. a3 Qb3 27. Qh4 Qxb2 28. Nc4 Qc3 29. Nxd6 Nxg2 0-1

[Event "Dieren op"]
[Site "Dieren"]
[Date "1988.??.??"]
[Round "9"]
[White "Small, Vernon A"]
[Black "Voormans, Jan"]
[Result "1/2-1/2"]
[WhiteElo "2340"]
[BlackElo "2210"]
[PlyCount "66"]
[EventDate "1988.??.??"]
[EventType "swiss"]
[EventRounds "9"]
[EventCountry "NED"]
[SourceTitle "TD"]
[Source "ChessBase"]
[SourceDate "1994.03.01"]
[SourceVersion "1"]
[SourceVersionDate "1994.03.01"]
[SourceQuality "1"]

1. e4 e5 2. Nf3 Nc6 3. Bc4 Nf6 4. d3 Bc5 5. c3 a6 6. 0-0 Ba7 7. Bb3 d6 8. Re1 0-0 9. h3 h6 10. Nbd2 Be6 11. Nf1 Re8 12. Be3 Qd7 13. N3h2 d5 14. Bxa7 Rxa7 15. Qf3 dxe4 16. dxe4 Bxb3 17. axb3 Qe6 18. b4 Raa8 19. Qe2 Ne7 20. Ng4 Rad8 21. Rad1 c6 22. g3 Nc8 23. Kg2 Nxg4 24. hxg4 Qf6 25. Ne3 Rxd1 26. Rxd1 Rd8 27. Nc4 Rxd1 28. Qxd1 Qe7 29. f3 Kf8 30. Qd3 Ke8 31. Kf1 Qe6 32. Kf2 Qe7 33. Kf1 Qe6 1/2-1/2

[Event "Dieren op"]
[Site "Dieren"]
[Date "1988.??.??"]
[Round "3"]
[White "Westerinen, Heikki MJ"]
[Black "Small, Vernon A"]
[Result "1/2-1/2"]
[WhiteElo "2395"]
[BlackElo "2340"]
[PlyCount "27"]
[EventDate "1988.??.??"]
[EventType "swiss"]
[EventRounds "9"]
[EventCountry "NED"]
[SourceTitle "TD"]
[Source "ChessBase"]
[SourceDate "1994.03.01"]
[SourceVersion "1"]
[SourceVersionDate "1994.03.01"]
[SourceQuality "1"]

1. e4 c5 2. c3 Nf6 3. e5 Nd5 4. d4 cxd4 5. Nf3 e6 6. cxd4 b6 7. Bd2 Ba6 8. Bxa6 Nxa6 9. Nc3 Nac7 10. Ng5 f5 11. Qa4 Nxc3 12. bxc3 Be7 13. Nf3 b5 14. Qb3 1/2-1/2